Statistics for France - Iceland UEFA Euro 2016 - Quarter Finals

Click here to take the quiz!

General Stats

  • This quiz has been taken 20 times
  • The average score is 13 of 31

Answer Stats

Answer % Correct
Hugo Lloris
94%
Paul Pogba ¹
88%
Antoine Griezmann ¹
88%
Olivier Giroud ²
88%
Samuel Umtiti
81%
Dimitri Payet ¹
75%
Ragnar Sigurðsson
69%
Laurent Koscielny
69%
Blaise Matuidi
69%
Gylfi Sigurðsson
69%
Didier Deschamps
63%
Bacary Sagna
50%
André-Pierre Gignac
50%
Patrice Evra
50%
Kingsley Coman
50%
Moussa Sissoko
44%
Alfreð Finnbogason
38%
Kári Árnason
25%
Birkir Bjarnason ¹
25%
Eiður Guðjohnsen
19%
Aron Gunnarsson
19%
Hannes Halldórsson
19%
Lars Lagerbäck
13%
Ari Skúlason
13%
Jón Böðvarsson
13%
Kolbeinn Sigþórsson ¹
13%
Jóhann Guðmundsson
13%
Birkir Sævarsson
13%
Eliaquim Mangala
6%
Heimir Hallgrímsson
6%
Sverrir Ingason
0%

Score Distribution

Percentile by Number Answered

Percent of People with Each Score

Your Score History

You have not taken this quiz